000 00312nam a22001337a 4500
008 170221b xxu||||| |||| 00| 0 eng d
020 _a002-039473
041 _aeng
080 _24ED
_a615
100 _a5
101 _aSHF
245 _aDIFFERENTIAL DIAGNOSIS OF COMMON COMPLAINTS
_cR.H.SELLER
942 _2udc
_cBK
999 _c5913
_d5913